| 000 | 00770nam a2200205Ia 4500 | ||
|---|---|---|---|
| 003 | GCL | ||
| 008 | 140319s9999 xx 000 0 ara d | ||
| 020 | _a1050500197 | ||
| 040 |
_aGCL / _cGCL |
||
| 082 | 0 | 4 |
_a273 _bم ا |
| 100 | 1 | _aمحمد حسنى يوسف | |
| 245 | 1 | 0 |
_aاكتشاف اكبر معجزة لبراءة المسيح : _bلاول مرة على مر العصور تتم معرفة شخصية المسيح علية السلام / _cمحمد حسنى يوسف |
| 260 |
_aالقاهرة : _bدار الكتاب العربى ، _c2005 |
||
| 300 |
_a296 ص ؛ _c25 سم |
||
| 650 | 0 | 4 | _aالمسيح |
| 650 | 0 | 4 | _aالمسيح - المعجزات |
| 650 | 0 | 4 | _aالمسيح - الميلاد |
| 650 | 0 | 4 | _aالمسيح - البعث |
| 942 |
_2ddc _cBK |
||
| 999 |
_c51116 _d51116 |
||